Selected Reading On Intellectual Property Rights: (Record no. 521685)

000 -LEADER
fixed length control field 00347nam a22000977a 4500
082 ## - DEWEY DECIMAL CLASSIFICATION NUMBER
Classification number TNC T39 T226
100 ## - MAIN ENTRY--PERSONAL NAME
Personal name Institute Of Wood Science And Technology
9 (RLIN) 35851
245 ## - TITLE STATEMENT
Title Selected Reading On Intellectual Property Rights:
Remainder of title Contemporary And Emerging Issues
260 ## - PUBLICATION, DISTRIBUTION, ETC. (IMPRINT)
Place of publication, distribution, etc Bangalore
Name of publisher, distributor, etc Institute Of Wood Science And Technology
Date of publication, distribution, etc 2006
300 ## - PHYSICAL DESCRIPTION
Extent 136p.
Holdings
Withdrawn status Lost status Source of classification or shelving scheme Damaged status Koha normalized classification for sorting Not for loan Permanent location Current location Date acquired Full call number Barcode Date last seen Price effective from Koha item type
        TNC_T39_T226   Indian Institute of Public Administration Indian Institute of Public Administration 2023-02-22 TNC T39 T226 GR24207 2023-02-22 2023-02-22 GR

Powered by Koha